| 000 | 00730nam a2200241 a 4500 | ||
|---|---|---|---|
| 001 | 68479 | ||
| 003 | BD-RjUL | ||
| 005 | 20211209081758.0 | ||
| 008 | 170403s1963 paua 001 0 eng | ||
| 020 | _a0721613772 | ||
| 020 | _a0721634435 | ||
| 035 | _a(BD-RjUL)68689 | ||
| 040 |
_aNLM _cUSU _dBD-RjUL _beng |
||
| 041 | _aeng | ||
| 082 |
_223 _a611.013 _bARD 1963 |
||
| 100 | 1 |
_aArey, Leslie Brainerd, _d1891- _9202991 |
|
| 245 | 1 | 0 |
_aDevelopmental anatomy : _ba textbook and laboratory manual of embryology / _cby Leslie Brainerd Arey. |
| 250 | _a6th ed. | ||
| 260 |
_aNew York : _bAsia publishing House, _c1962, [reprinted 1963] |
||
| 300 |
_axi, 680 p. : _bill.; _c23 cm. |
||
| 650 | 0 |
_aEmbryology. _9202992 |
|
| 942 |
_2ddc _cBK |
||
| 999 |
_c68479 _d68479 |
||